Statistiques concernant 4.5 Tableau

Cliquez ici pour prendre le quiz!

Statistiques générales

  • Ce quiz a été pris 24 fois
  • Le résultat moyen est 6 sur 10

Statistiques - réponses

HintRéponse% Correct
Désigne une infection contractée au cours d'une hospitalisation, infection qui n'existait pas auparavant ni, d'ailleurs, durant les 48 premières heures à l'hôpitalInfection nosocomiale
94%
Événement ou chaîne d’événements non
intentionnels et fortuits provoquant des dommages.
Accident
72%
Principe méthodologique visant à
réduire l’ensemble des risques qui peuvent survenir
Gestion de risques
72%
Événement fortuit, peu important en soi et n’ayant
pas engendré de conséquence
Incident
72%
Est relatif aux mesures qui peuvent
être prises en cas d’incertitude scientifique sur les
conséquences des risques pour l’environnement
Principe de précaution
67%
Situation qui s’écarte de procédures ou de résultats escomptés dans une situation
habituelle et qui est ou qui serait potentiellement source de
dommages
Événement indésirable
61%
Possibilité de retrouver, dans un système, une
liste d’informations déterminées attachées à un ou
plusieurs éléments du système pour expliquer ses
défaillances
Traçabilité
61%
Caractéristique liée à une personne, qui
entraîne pour elle une probabilité plus élevée de
développer une forme de maladie ou de souffrir d’un
traumatisme.
Facteur de risque
56%
Le risque est identifié, on établit une
relation entre les probabilités d’apparition du risque
(occurrence) et la gravité des conséquences qu’il génère
Seuil de criticité
22%
Situation non souhaitée ayant des conséquences
négatives résultant de la survenue d’un ou de plusieurs
événements dont l’occurrence est incertaine
Risque
17%

Distribution des résultats

Percentile par nombre de réponses

% des personnes avec chaque résultat

Votre développement - résultats

Vous n’avez pas pris ce quiz